|
|
|
|
| LEADER |
00843nab#a2200325#ar4500 |
| 001 |
000097639 |
| 003 |
SVKKK |
| 005 |
20091005101935.0 |
| 008 |
080723c2009 xo |||||||||||||||b|slo |
| FMT |
|
|
|
| 015 |
|
|
|a SNBRB2009/10
|
| 038 |
|
|
|a SVKKK
|
| 040 |
|
|
|a SVKKK
|b slo
|e AACR2
|
| 041 |
0 |
|
|a slo
|
| 044 |
|
|
|a xo
|c SK
|
| 080 |
|
|
|a 061.75
|2 1997
|
| 080 |
|
|
|a 929 Gorazd sv.
|2 1997
|
| 245 |
1 |
0 |
|a Spomienka na sv. Gorazda v hlavnom meste
|c [autor] -MH-
|
| 600 |
1 |
4 |
|a Gorazd
|c sv.
|d 9.-10.stor.
|x biskup, literát
|
| 611 |
2 |
4 |
|a Spomienka na sv. Gorazda
|n (17. :
|d 27.7.2009 :
|c Bratislava, Slovensko)
|
| 655 |
|
4 |
|a náboženstvo
|
| 773 |
0 |
|
|t Katolícke noviny
|g Roč. 124, č. 33 (2009), s. 4
|x 0139-8512
|
| 957 |
|
|
|a Bratislava
|
| 958 |
|
|
|a NT
|
| 974 |
|
|
|a Čr
|
| 992 |
|
|
|a RBX
|
| BAS |
|
|
|
| 852 |
|
|
|a SVKKK
|b BIB
|
| EXP |
|
|
|
| 998 |
|
|
|a SLO
|